| 000 | 00788nam a22002297a 4500 | ||
|---|---|---|---|
| 005 | 20120105144236.0 | ||
| 008 | 120105t xxu||||| |||| 00| 0 eng d | ||
| 010 | _aENG-104610 | ||
| 020 |
_a9789380302966 _c99.00 |
||
| 020 |
_a9380302967 _c99.00 |
||
| 035 | _aEN-88143 | ||
| 037 | _bDBAD/PUB | ||
| 040 |
_aDPL _bEng |
||
| 082 | _aS | ||
| 100 |
_aBhasin, Mithali _938337 |
||
| 245 |
_aI'm in camp... get me out of here ! / _cby Mitali Bhasin |
||
| 260 |
_aNew Delhi _bMind Melodies _c2011 |
||
| 270 |
_a4735/22, Prakash Deep Building. Ground Floor, Ansari Road, Darya Ganj _bNew Delhi _e110002 |
||
| 300 |
_a111p. _c22cm(pbk) |
||
| 942 |
_2ddc _cEN _hS _mBHA |
||
| 999 |
_c60382 _d60382 |
||